Guess the Balkan song by text Part 7 - Statistics

General Stats
  • This quiz has been taken 25 times
  • The average score is 8 of 30
Answer Stats
Text Song % Correct
Još kol'ko leta me čeka uz novu litru džeka Kol'ko prelepih žena u krilo da mi sеda Jedna crna, druga plava, treća kao Adriana U glavi mi se manta kada vidim kako mala igra Rouzi & Coby - Jao mama
68%
Zbogom majko, suze oči! Zbogom majko, suze oči! Interpol poternica, crna ptica zloslutnica Letim, Španija, Ibica, zlatan sat - kulturica THCF feat Coby - Krvavi Balkan
64%
Na leđima ima istetovirana krila
i to dupe iz Brazila Dress code - minimal, što se kaže, baš je divljina
Coby - Zver
59%
Stigli momci, nema pozivnice
Zoveš, kukaš, moliš - nemaš povlastice
Trening, džoint, šipka, sprava
Amfetamin, kokain, trava
Crni Cerak - CC#1
59%
Širi noge, to more morat ću preplivati Vroom, vroom, vroom, vozi Moët, naprijed niko ne smije zaspat AP, Rollie, Patek, al' niko ne gleda na sat Ako je problem bebo znam koga ću nazvat Inas - Gigi
55%
Idem ulicom, svaka riba gleda me Guza ide gore-dole, tako dobro nema me Keša ludilo, ali Baka zezanje Širi noge, a nisam rekô otvori se sezame Baka Prase - Dubai
50%
Problem, gvožđe, štekovi po stanu
Dobro, bajo, znam šta te loži
Sranje tražiš, nije mi u planu
Ožiljci na mojoj koži
Desingerica, Pajak & Zera - Ccrno
50%
Okej, laganini, kada vidim kako mrda, srce lupa mi sto na sat Miriše na dobar skank, vidim da to zna Okej, laganini, pijana oko pola dva, pleše kao pornostar Pleše kao pornostar, vidim da to zna Connect - Geto djevojka
41%
Svako ovde želi s tobom da se prošeta Ako nisu top hoteli, kaže "Pa-pa-pa" Krojena po meri, u moj krevet došeta Tebi zavide modeli, ti si ta, ta, ta Popov - Na haubi
41%
Daleko su svetla, buke, soliteri
Uvek kad se sretnemo osetimo nemir
I nemoj da me pitaš da li ovo vredi
Jer ceo moj si svemir, ti to znaš
Corona - Stranac
36%
Zove me sa govornice Ima miris hobotnice Iz dobre je porodice Znam joj sestru i rodice Black Beriz & Fejzaklija - Hej Seki Seki
23%
Idemo dalje, razvaliću ti žvalje
Dobio sam broj od tvoje male, poruke joj šaljem
Kažeš nisam jebač, ah, vidjećemo to još Kada tvojoj maloj izvadim svoj ponos
Buba Corelli - Oh no
18%
U grudima steže, jedva dišem I drhte mi ruke dok ovo pišem Sama, sasvim sama skoro svake noći Al' se nadam jednog dana da će sreća doć Elena - Lazi
18%
Već je bol u mom krilu, al' neće grom u koprivuSuze ti liju na Luijev šal, al' vješto se kriju kô more uz žal Opet si tako loša, a opet sveta kô gral Jala Brat - Randevu
18%
Pa mi se cela skini, bela kô Santorini
Da krenem da se krivim, na najjače ga živim
A ne znam šta je meni, šta je meni trebalo
Noćas da sе sretnemo
Nucci - Koji je dan danas?
18%
Kao ta tvoja tetovaža, ljubav bledi Ljubav smo prosuli odavno, tako žedni Sve je prodaja-potražnja, sve na ceni Ako ti se ne sviđa, vraćamo novac, ti zameni Rasta - Taktika
18%
Ti brineš da l' sam veran, al' ubija te Što pored toliko žena ja biram te Jer ti sama nemaš herca za ovake face Da je ljubav crno bela, ona bila bi zebra Relja - Ma bolje sam
18%
Marke, funte, euri, dolari Nismo htjeli, al' smo morali Sad plovimo, kô mornari Arsenal, Barselona 30Zona & Cunami & Neloe - Thierry Henry
14%
Tu san kad je stani pani, iza mene tamni dani
Nekad bia mali đani, sad san glavni svagdi vani
Mrvin vu-, garin skani, vrtin svud honey, money Svaki hood pisme zna mi, pisme sad mi slušaš vani
Grse - Dalmatino
14%
A ja za tebe tako sam fatalna Baš kô metak za gangstera Plati sve što mi zatreba, kaži da sam ti najlepša Tako luda i nemirna, tebe radim kô hemija Indodjija - Trosi pare
14%
Blokiram, otimam, ali otkidam maksimalno Jurila, ljubila budala, pa te ubila Jednom rukom guram, drugom uzimam Al' u venama si upisan ko samo moj Nikolija & Biba - 3 po 3
14%
Jer priznajem da isti sam, ja dizô sam ti pritisak I žene nisu platina, srce lome hrabrima Draga, malo jači sam, samo si me ranila Kurvo Voyage - Los primer
14%
Na nozi Mejson, pod maskom kô Džejson
Ali u kraju svako zna ko sam i znaju adresu
Provalio sam tok novca, stižem do dvorca Hvala ti Bože, keva rodila je tog borca
Devito & Relja - Do zore
9%
Mercedesi samo S Mi sa ceste, samo tresi Za ove sam kô Messi Mreže tresem kô Van Persie Igor Buzov - Tebi je
9%
Ima puno droga, ne bježim od babaroga U meni puno droga, droga udara me s noga Ja sam Nunu, ne Picasso, malo mange, malo Saso Dok uživam u drogi Njegoš udara me bassom Katarza feat Geko - SDA MDMA
9%
Sa njom samo akcija, sva je satisfakcija Upada kô racija, bebi treba sankcija Sto je žena, sve su sjena, glavna si atrakcija Ti i ja, plus i minus, lančana reakcija Medi - 200 dusmana
9%
I svi bi hteli nešto, lože se na naše linije Svaka moja pesma puca, odma misliš krimi je Šta ko kome priča, brate, šta me se to tiče? Vidim ko je real, a ko su pičke Alen Sakic - Odana
5%
A ja, ja, ja sto ti poruka u DM Šaljem, a znaš da sam labilna kad pijem Gorim u sebi bebe, želim da te grijem S tobom bi' prije da se polupan ubijem Sajfer feat Kali - Opet te zovem
5%
Lagala ga je, pa se više ne javlja na pozive
Na ruci led prosipa Moët 0,75
Pita me 'de da nabave da se zabave
Oko nje riba gang, sve su alave
Vojke & Big Palk - Vidi je
5%
Deluje zlo, možda rođena je s tim, možda je to Maybelline
Zna da fin sam lik, ona kô dinamit
Sve kul, ne zenta na dvesta, pa šaltam u petu Zvezda sam centra pa sam u elementu
Rie - Natali
0%
No matching quizzes found
Score Distribution
Percent of People with Each Score
Percentile by Number Answered
Your Score History
You have not taken this quiz